<?xml version="1.0" encoding="UTF-8"?>
<collection xmlns="http://www.loc.gov/MARC21/slim">
 <record>
  <leader>01645nam a2200193Ia 4500</leader>
  <controlfield tag="001">CTU_237290</controlfield>
  <controlfield tag="008">210402s9999    xx            000 0 und d</controlfield>
  <datafield tag="082" ind1=" " ind2=" ">
   <subfield code="a">530.144</subfield>
  </datafield>
  <datafield tag="082" ind1=" " ind2=" ">
   <subfield code="b">G878</subfield>
  </datafield>
  <datafield tag="100" ind1=" " ind2=" ">
   <subfield code="a">Gross, E. K. U.</subfield>
  </datafield>
  <datafield tag="245" ind1=" " ind2="0">
   <subfield code="a">Many-particle theory</subfield>
  </datafield>
  <datafield tag="245" ind1=" " ind2="0">
   <subfield code="c">E. K. U. Gross, E. Runge, O. Heinonen</subfield>
  </datafield>
  <datafield tag="260" ind1=" " ind2=" ">
   <subfield code="a">Bristol</subfield>
  </datafield>
  <datafield tag="260" ind1=" " ind2=" ">
   <subfield code="b">A. Hilger</subfield>
  </datafield>
  <datafield tag="260" ind1=" " ind2=" ">
   <subfield code="c">1991</subfield>
  </datafield>
  <datafield tag="520" ind1=" " ind2=" ">
   <subfield code="a">The quantum theory of many-particle systems has applications in various branches of physics including condensed matter, atomic, molecular, nuclear and high-energy. An understanding of this theory is therefore important to most students of physics and Many-Particle Theory is an excellent introduction to the subject. Many-Particle Theory presents a detailed and logical account of the theory and techniques used. Basic subjects such as Green's functions and Feynman diagrams are discussed in detail, and many examples and applications are given, such as the Hartee-Fock approximation, superconductivity and the Kondo problem. Due to the detailed derivations and the fact that only a grasp of basic quantum mechanics is assumed, the book is an ideal textbook for graduate students and teachers of physics. The comprehensive bibliography contains many recent books and articles for further studies. Many-Particle Theory is a translation of the second German edition, which is an expanded version of the popular first edition. All three authors, E K U Gross, E Runge and O Heinonen, are well respected researchers in the field.</subfield>
  </datafield>
  <datafield tag="650" ind1=" " ind2=" ">
   <subfield code="a">Vật lý toán,Mathematical physics</subfield>
  </datafield>
  <datafield tag="910" ind1=" " ind2=" ">
   <subfield code="b">dqhieu</subfield>
  </datafield>
  <datafield tag="980" ind1=" " ind2=" ">
   <subfield code="a">Trung tâm Học liệu Trường Đại học Cần Thơ</subfield>
  </datafield>
 </record>
</collection>
